000 00656nam a2200265Ia 4500
005 20260121171913.0
008 008 260114s9999 xx 000 0 eng d
020 _a9789811561139
037 _aEBOOK
040 _aCRL
040 _beng
040 _cCRL
041 _2eng
041 _aeng
084 _qCRL
100 _aJian Shen, Yao-Chung Chang, Yu-Sheng Su, Hiroaki Ogata
_91081879
245 0 _aCognitive Cities
260 _bSpringer
260 _bSpringer
260 _c2020
856 _uhttps://link.springer.com/openurl?genre=book&isbn=978-981-15-6113-9
942 _cEBOOK
999 _c1647612
_d1647612